Essentials of investments / (Record no. 17489)
[ view plain ]
| 000 -LEADER | |
|---|---|
| fixed length control field | 00529cam a2200193 a 4500 |
| 020 ## - INTERNATIONAL STANDARD BOOK NUMBER | |
| ISBN | 9780078034695 (alk. paper) |
| 020 ## - INTERNATIONAL STANDARD BOOK NUMBER | |
| ISBN | 0078034698 (alk. paper) |
| 040 ## - CATALOGING SOURCE | |
| Transcribing agency | DLC |
| 082 00 - DEWEY DECIMAL CLASSIFICATION NUMBER | |
| Classification number | 332 MCG 2013 A115 Or. |
| 100 1# - MAIN ENTRY--AUTHOR NAME | |
| Personal name | Bodie, Zvi. |
| 245 10 - TITLE STATEMENT | |
| Title | Essentials of investments / |
| 250 ## - EDITION STATEMENT | |
| Edition statement | 9th ed. |
| 260 ## - PUBLICATION, DISTRIBUTION, ETC. (IMPRINT) | |
| Place of publication | New York, NY : |
| Name of publisher | McGraw-Hill/Irwin, |
| Year of publication | c2013. |
| 300 ## - PHYSICAL DESCRIPTION | |
| Number of Pages | xxviii, 741, i-22 p. : |
| Other physical details | ill. (come col.) ; |
| Dimensions | 29 cm. |
| 650 #0 - SUBJECT ADDED ENTRY--TOPICAL TERM | |
| Topical Term | Investments. |
| 700 1# - ADDED ENTRY--PERSONAL NAME | |
| Personal name | Kane, Alex, |
| 700 1# - ADDED ENTRY--PERSONAL NAME | |
| Personal name | Marcus, Alan J. |
| 942 ## - ADDED ENTRY ELEMENTS (KOHA) | |
| Koha item type | ADB |
| 952 ## - LOCATION AND ITEM INFORMATION (KOHA) | |
| Withdrawn status [LOCAL, KOHA] | 0 |
| 952 ## - LOCATION AND ITEM INFORMATION (KOHA) | |
| Withdrawn status [LOCAL, KOHA] | 0 |
| Permanent Location | Date acquired | Koha item type | Lost status | Shelving location | Barcode | Current Location | Full call number |
|---|---|---|---|---|---|---|---|
| Library Block A | 2018-12-03 | សៀវភៅភាសាអង់គ្លេស | A115 | A36912 | Library Block A | 332 MCG 2013 A115 Or. | |
| Library Block A | 2018-12-04 | សៀវភៅភាសាអង់គ្លេស | A116 | A35894 | Library Block A | 332 MCG 2013 A116 Or. |